Die 25 besten Hotels Deutschlands 22/23 - Statistiken

Allgemein
  • Dieses Quiz wurde 56 mal gespielt
  • Das Durchschnittsergebnis liegt bei 3 aus 25
Antwortstatistiken
Platz Stadt Hotel % Korrekt
24 Berlin Hotel Adlon Kempinski Berlin
72%
1 Hamburg Hotel Vier Jahreszeiten
53%
23 Heidelberg Der Europäische Hof Heidelberg
34%
11 Sylt Söl'ring Hof
34%
5 Düsseldorf Breidenbacher Hof
19%
2 Elmau Schloss Elmau - Luxury Spa Retreat & Cultural Hideaway
19%
18 Bad Doberan Grand Hotel Heiligendamm
17%
4 München Mandarin Oriental Munich
13%
15 Bergisch Gladbach Althoff Grandhotel Schloss Bensberg
11%
19 Köln Excelsior Hotel Ernst
9%
14 Baiersbronn Hotel Traube Tonbach
9%
9 Weissenhaus Weissenhaus Grand Village Resort und Spa am Meer
9%
12 Rottach-Egern Althoff Seehotel Überfahrt
6%
13 Baden-Baden Brenners Park-Hotel & Spa
6%
7 Baiersbronn Hotel Bareiss. Das Resort im Schwarzwald.
6%
10 Hamburg The Fontenay Hamburg
6%
22 Hamburg Grand Elysée Hamburg
4%
20 Donaueschingen Hotel der Öschberghof
4%
25 Düsseldorf Hotel Kö59 Düsseldorf
4%
3 Sylt Severin*s Resort & Spa
4%
8 Weissach Spa & Resort Bachmair Weissach
4%
21 Berlin Hotel de Rome
2%
6 Ofterschwang Sonnenalp Resort
2%
16 Sylt Budersand Hotel - Golf & Spa - Sylt
0%
17 München The Charles Hotel München
0%
Keine übereinstimmenden Quizze gefunden
Verteilung der Resultate
Anzahl Personen mit jedem Resultat
Perzentil nach korrekt beantworteten Fragen
Ihre Resultats-Entwicklung
Sie haben dieses Quiz noch nicht gespielt